Efficiency of Real Production in V4 Countries

Produktivita z pohľadu makroekonomiky a mikroekonomiky. Produktivita práce. Zmeny v produktivite práce. Meranie produktivity. Reálna produkcia v krajinách V4.

Gespeichert in:
Bibliographische Detailangaben
1. Verfasser: Megyesiová, Silvia, 1969-
Weitere Verfasser: Michňová, Mária, 1996-
Format: Buchkapitel
Sprache:Englisch
Schlagworte:
Tags: Tag hinzufügen
Keine Tags, Fügen Sie das erste Tag hinzu!

MARC

LEADER 00000naa a2200000 4500
001 0262901
005 20240502074157.9
041 0 |a eng 
044 |a SK 
245 1 0 |a Efficiency of Real Production in V4 Countries  |c Silvia Megyesiová, Mária Michňová 
520 |a Produktivita z pohľadu makroekonomiky a mikroekonomiky. Produktivita práce. Zmeny v produktivite práce. Meranie produktivity. Reálna produkcia v krajinách V4. 
610 2 0 |a efektívnosť 
610 2 0 |a Vyšehradská štvorka 
610 2 0 |a produktivita práce 
610 2 0 |a hodnota pridaná 
100 1 |a Megyesiová, Silvia, 1969- 
700 1 |a Michňová, Mária, 1996-